header

Group counselling (Record no. 98677)

MARC details
000 -LEADER
fixed length control field 01273nam a2200337Ia 4500
100 1# - MAIN ENTRY--AUTHOR NAME
Personal name Tudor, Keith,
245 10 - TITLE STATEMENT
Title Group counselling
260 ## - PUBLICATION, DISTRIBUTION, ETC. (IMPRINT)
Place of publication London ;
-- Thousand Oaks, CA :
Name of publisher Sage Publications,
Year of publication 1999.
300 ## - PHYSICAL DESCRIPTION
Number of Pages 248 p. :
Other physical details ill.
490 1# - SERIES STATEMENT
Series statement Professional skills for counsellors
650 #0 - SUBJECT ADDED ENTRY--TOPICAL TERM
Topical Term Group psychotherapy.
Topical Term Group counseling.
856 40 - ELECTRONIC LOCATION AND ACCESS
Uniform Resource Identifier http://site.ebrary.com/lib/rucke/Doc?id=10372278

No items available.

© 2026 Rongo University
Contact us: librarian | system librarian | Rongo university